Normal view
MARC view
- ELECTRIC CONTROLLERS , ELECTRIC MOTORS
Entry Topical Term
001 - CONTROL NUMBER
- control field: 65604
003 - CONTROL NUMBER IDENTIFIER
- control field: NUST
005 - DATE AND TIME OF LATEST TRANSACTION
- control field: 20210628203447.0
008 - FIXED-LENGTH DATA ELEMENTS
- fixed length control field: 210628|| aca||aabn | a|a d
040 ## - CATALOGING SOURCE
- Original cataloging agency: NUST
- Transcribing agency: NUST
150 ## - HEADING--TOPICAL TERM
- Topical term or geographic name entry element: ELECTRIC CONTROLLERS , ELECTRIC MOTORS
670 ## - SOURCE DATA FOUND
- Source citation: Work cat.: (NUST): HERMAN, STEPHEN L , ALERICK, WALTER N 65603, INDUSTRIAL MOTOR CONTROL, 1985
